I na druhŷjraz pryjd'te skoriše!

Bibliographic Details
Main Author: Medviď, Peter, 1981- (Author)
Format: Article
Language:Ukrainian
PhysicalDescription:Mapa
Subjects:
Online Access:www.rusyn.sk

MARC

LEADER 00000nab a2200000 a 4500
001 vtls010683881
003 SK-MaSNL
005 20260318123902.0
008 150604c2015 xo er p 000 c0ukr
015 |a SNBRB2015/06 
038 |a SVKPOCL 
040 |a SVKPOCL  |b slo  |c SVKPOCL  |e AACR2 
041 0 |a ukr 
044 |a xo  |c SK 
080 |a 80(=16)+908(4)  |2 2001 
080 |a 80(=161.25)+908(437.6)  |2 2001 
080 |a 323.15  |2 2001 
080 |a 316.022.4(=161.25)(477)  |2 2001 
080 |a 314.113:323.1  |2 2001 
080 |a 323.1  |2 2001 
080 |a (477)  |2 2001 
100 1 |a Medviď, Peter,  |d 1981-  |4 aut  |9 268505 
245 1 0 |a I na druhŷjraz pryjd'te skoriše!  |c Petro Medvid' 
300 |b Mapa 
500 |a Medvid', Petro pozri Medviď, Peter 
650 0 7 |a národnostné menšiny  |2 svkpocl  |9 2669 
650 0 7 |a rusinistika  |2 svkpocl  |9 90871 
650 0 7 |a slavistika  |2 svkpocl  |9 4282 
650 0 7 |a národnostná politika  |2 svkpocl  |9 4656 
650 0 7 |a Rusíni  |z Ukrajina  |2 svkpocl  |9 535362 
651 7 |a Ukrajina  |2 svkpocl  |9 168045 
773 0 |t Info Rusyn  |g Roč. XII , č. 8 (2015), s. 12 
852 |a SVKPO  |b KIS3GCP 
856 4 1 |u www.rusyn.sk 
958 |a RN 
958 |a SK 
958 |a SS 
958 |a UA 
999 |c 2708856  |d 2710786